000 02809nab a2200289 i 4500
003 BR-BrBNA
005 20251117130640.0
008 251117b2023 bl.ar|pooa||| 00| 0 eng |
040 _aBR-BrBNA
_beng
072 _aF70
100 _aCosta, Maria Tereza Rodrigues
100 _aBovini, Massimo Giussepe
100 _aAlves, Lívia Lara
100 _aCastro, Gislene Carvalho de
100 _aSobral, Marcos
245 _aMalvaceae from Serra do Lenheiro, Minas Gerais, Brazil
500 _aPublicação on-line; Bibliography p. 23-25 (101 ref.); 4 illus.; Summaries (En, Pt)
520 _a Abstract We present a taxonomic treatment of the Malvaceae from Serra do Lenheiro, a montane range in the municipality of São João del-Rei, Minas Gerais, Brazil, in order to contribute to the knowledge of this family and the state’s flora. Eleven genera and twenty-nine species were recorded. Sida, Pavonia and Peltaea are the richest genera. Among the recorded species, nine are considered as ruderal and ten are endemic of Brazil. Three species have São João del-Rei as the type-locality. Analytic keys, morphological descriptions, photographic plates and comments about the treated species are presented. Illustrations are presented for two species: one has no iconography in Brazilian studies for Malvaceae (Sida plumosa) and one has only poor iconographic representations (Sida viarum). Key words: campos rupestres, flora, Malvales, taxonomy. Resumo Apresentamos um tratamento taxonômico para Malvaceae da Serra do Lenheiro, São João del-Rei, Minas Gerais, Brasil, com o objetivo de contribuir para o conhecimento dessa família e da flora do estado. Foram registrados 11 gêneros e 29 espécies. Sida, Pavonia e Peltaea são os gêneros mais ricos. Entre as espécies registradas, nove são consideradas ruderais e dez são endêmicas do Brasil. Três espécies têm como localidade tipo São João del-Rei. São apresentados chaves analíticas, descrições morfológicas, pranchas fotográficas e comentários sobre as espécies tratadas. Ilustrações são apresentadas para duas espécies: uma que não possui iconografia em trabalhos brasileiros para Malvaceae (Sida plumosa) e uma que possui somente representações iconográficas pobres (Sida viarum). Palavras-chave: campos rupestres, flora, Malvales, taxonomia.
650 _aCAMPO
650 _aFLORA
650 _aMALVACEAE
650 _aTAXONOMIA
773 0 _0709
_9359038
_dRio de Janeiro-RJ Jardim Botanico do Rio de Janeiro 1935
_o2025-7012
_tRodriguésia (Brazil)
_x0370-6583; 2175-7860 on-line
_gv. 74 p. 1-25; (2023)
_wBR2025004428
856 _uhttps://www.scielo.br/j/rod/a/dV7PSNTnffFwZ6K3w6gYbbN/?format=pdf&lang=en
942 _cANA
999 _c339080
_d339080